Normal view
MARC view
- المحاصيل الزراعية- الانتاج الزراعي
Entry Topical Term
001 - CONTROL NUMBER
- control field: 57118
003 - CONTROL NUMBER IDENTIFIER
- control field: JO-AjAnu
005 - DATE AND TIME OF LATEST TRANSACTION
- control field: 20230606083345.0
008 - FIXED-LENGTH DATA ELEMENTS
- fixed length control field: 230606|| aca||aabn | a|a d
040 ## - CATALOGING SOURCE
- Original cataloging agency: JO-AjAnu
- Transcribing agency: JO-AjAnu
150 ## - HEADING--TOPICAL TERM
- Topical term or geographic name entry element: المحاصيل الزراعية- الانتاج الزراعي
670 ## - SOURCE DATA FOUND
- Source citation: Work cat.: (JO-AjAnu)29144: المومني، أيمن محمد يوسف, author 57117, المبادئ الأساسية لمشاريع إنتاجية زراعية ( منزلية ومدرسية)